LEADER 01435nam0 22002653i 450 001 VAN0132333 005 20201228094434.493 100 $a20201222d2019 |0itac50 ba 101 $aita 102 $aIT 105 $a|||| ||||| 200 1 $aˆIl ‰nuovo regolamento edilizio tipo$eAnalisi dettagliata del Regolamento (comma 1-sexies, art$h4 del T.U. edilizia)$iaggiornato con il recepimento delle regioni$fMario Petrulli 205 $aSantarcangelo di Romagna : Maggioli, 2019 210 $a57 p.$a24 cm 215 $aFormato ebook. 620 $dSantarcangelo di Romagna$3VANL000123 700 1$aPetrulli$bMario$3VANV105978$0287989 712 $aMaggioli $3VANV108045$4650 801 $aIT$bSOL$c20230616$gRICA 856 4 $uhttps://www.sicurpal.it/file/Home/annunciallegato/2019/e%20book%20maggiorli.pdf$zhttps://www.sicurpal.it/file/Home/annunciallegato/2019/e%20book%20maggiorli.pdf 912 $aVAN0132333 950 $aBIBLIOTECA DEL DIPARTIMENTO DI ARCHITETTURA E DISEGNO INDUSTRIALE$d01CONS Ebook28 file29555 $e01EBA1597 20201222 Ebook consultabile dai pc della biblioteca 950 $aBIBLIOTECA DEL DIPARTIMENTO DI ARCHITETTURA E DISEGNO INDUSTRIALE$d01CONS Ebook28(bis) file29555 $e01EBA1571 20210115 buono di carico n.11 del 01/12/2020 996 $aNuovo regolamento edilizio tipo$91763052 997 $aUNICAMPANIA LEADER 03236nam0 2200613 i 450 001 VAN0124535 005 20230628104522.899 017 70$2N$a9783030011444 100 $a20191021d2018 |0itac50 ba 101 $aeng 102 $aCH 105 $a|||| ||||| 200 1 $aAlgebra, Complex Analysis, and Pluripotential Theory$e2 USUZCAMP, Urgench, Uzbekistan, August 8?12, 2017$fZair Ibragimov ... [et al.] editors 210 $aCham$cSpringer$d2018 215 $ax, 226 p.$cill.$d24 cm 410 1$1001VAN0102574$12001 $aSpringer proceedings in mathematics & statistics$1210 $aBerlin [etc.]$cSpringer$v264 500 1$3VAN0236105$aAlgebra, Complex Analysis, and Pluripotential Theory$91564641 606 $a60J10$xMarkov chains (discrete-time Markov processes on discrete state spaces) [MSC 2020]$3VANC020036$2MF 606 $a41A17$xInequalities in approximation (Bernstein, Jackson, Nikol?ski?-type inequalities) [MSC 2020]$3VANC022340$2MF 606 $a37K15 -Inverse spectral and scattering methods for infinite-dimensional Hamiltonian and Lagrangian systems [MSC 2020]$3VANC022765$2MF 606 $a46L57$xDerivations, dissipations and positive semigroups in C*-algebras [MSC 2020]$3VANC023336$2MF 606 $a31B15$xPotentials and capacities, extremal length and related notions in higher dimensions [MSC 2020]$3VANC024844$2MF 606 $a46S10$xFunctional analysis over fields other than ${\bf R}$ or ${\bf C}$ or the quaternions; non-Archimedean functional analysis [MSC 2020]$3VANC031520$2MF 606 $a17A32$xLeibniz algebras [MSC 2020]$3VANC035278$2MF 606 $a32U30$xRemovable sets in pluripotential theory [MSC 2020]$3VANC035279$2MF 610 $aA(z)-analytic Functions$9KW:K 610 $aGibbs Measure$9KW:K 610 $aHolomorphic Extension$9KW:K 610 $aInvolutive Algebra$9KW:K 610 $aLeibniz Algebra$9KW:K 610 $aLie algebra$9KW:K 610 $aLocal Automorphism$9KW:K 610 $aLog-integrable Measurable Function$9KW:K 610 $aM-subharmonic Functions$9KW:K 610 $aPluripotential Theory$9KW:K 610 $aPolynomial Estimates$9KW:K 610 $aPseudo-Galilean Group$9KW:K 610 $aPseudodifferential operators$9KW:K 610 $aSingular Sets$9KW:K 610 $aSlow Convergence$9KW:K 610 $aSpectral expansions$9KW:K 610 $aTranscendence Basis$9KW:K 620 $aCH$dCham$3VANL001889 702 1$aIbragimov$bZair$3VANV095964 712 12$aUSA-Uzbekistan Conference on Analysis and Mathematical Physics$d2.$f2017$eUrgench, Uzbekistan$3VANV095966 712 $aSpringer $3VANV108073$4650 801 $aIT$bSOL$c20240614$gRICA 856 4 $uhttp://doi.org/10.1007/978-3-030-01144-4$zE-book ? Accesso al full-text attraverso riconoscimento IP di Ateneo, proxy e/o Shibboleth 899 $aBIBLIOTECA DEL DIPARTIMENTO DI MATEMATICA E FISICA$1IT-CE0120$2VAN08 912 $fN 912 $aVAN0124535 950 $aBIBLIOTECA DEL DIPARTIMENTO DI MATEMATICA E FISICA$d08CONS e-book 1010 $e08eMF1010 20191021 996 $aAlgebra, Complex Analysis, and Pluripotential Theory$91564641 997 $aUNICAMPANIA